| 000 | 00481nam a22001337a 4500 | ||
|---|---|---|---|
| 082 | _aMSIT-13 ZAH | ||
| 100 |
_aAnam Zahid _993291 |
||
| 245 | _asecure sharding and key management in cloud based NoSQL database | ||
| 260 |
_aIslamabad _bNUST-SEECS _c2015 |
||
| 300 |
_a131p. _bill.; _eCD ROM |
||
| 500 | _aSupervisors: Dr. Muhammad Awais Shibli, Dr. Abdul Ghafoor, Ms. Hirra Anwar, Ms. Rahat Masood | ||
| 856 | _uhttp://10.250.8.41:8080/xmlui/handle/123456789/10144 | ||
| 942 |
_cPR _2ddc |
||
| 999 |
_c13439 _d13439 |
||